| 000 | 00458nam a22001817a 4500 | ||
|---|---|---|---|
| 003 | MPLRDC | ||
| 005 | 20220104163325.0 | ||
| 008 | 210129b ||||| |||| 00| 0 eng d | ||
| 082 | _a859.6 ASI v.8 | ||
| 100 | _aJ.B. ALTER | ||
| 245 |
_aTHE NIGHT OF THE MOON DRAGON _c |
||
| 250 | _a第一版 | ||
| 260 |
_a _bTIMES EDUCATIONAL _c1979 |
||
| 300 | _b精 | ||
| 490 | _aASIAN STORY-TIME SERIES | ||
| 650 | _aCHILDREN LITERATURE | ||
| 942 |
_cBK _o859.6 ASI v.8 |
||
| 999 |
_c56406 _d56396 |
||